| 000 | 00807nam a22002297a 4500 | ||
|---|---|---|---|
| 999 |
_c3851 _d3851 |
||
| 003 | AR-CdUCM | ||
| 008 | 190307b ||||| |||| 00| 0 spa d | ||
| 040 |
_aMUNICIPALIDAD PROVINCIAL DEL CUSCO _cBIBLIOTECA MUNICIPAL DEL CUSCO |
||
| 082 |
_a869.56 / _bG22 |
||
| 100 |
_aGarcía, Luis Eduardo _912382 |
||
| 245 | _aConfesiones de la tribu / | ||
| 260 |
_aTrujillo : _bLibertad, _c1991. |
||
| 300 |
_a42 paginas ; _c19 cm. |
||
| 440 |
_aColección homenaje al centenario de Cesar Vallejo 05 _912383 |
||
| 505 | _aContenido : Noticia -- La fémina -- Los hijos ... | ||
| 650 |
_aPoesía trujillana _912384 |
||
| 650 |
_aPoesía peruana _9806 |
||
| 650 |
_aPoesía latinoamericana _92147 |
||
| 710 |
_aMunicipalidad provincial de Trujillo casa del artista _912385 |
||
| 942 |
_2ddc _cLIBROS |
||
| 945 | _arah | ||